| 000 | 00703nam1a22001931i 4500 | ||
|---|---|---|---|
| 001 | rc\2179477 | ||
| 005 | 20240723203556.0 | ||
| 035 | _a(NLR Aleph) 006509687 | ||
| 090 |
_a6317113 _c6317113 |
||
| 100 | _a20110829d1978 |||y0rusy50 ca | ||
| 101 | 0 | _arus | |
| 102 | _aRU | ||
| 105 | _ay cg ||||| | ||
| 200 | 1 |
_aИнформационно-справочный указатель литературы по проблеме "Производство и применение водорода" _fАН БССР, Ин-т тепло- и массообмена им. А.В. Лыкова |
|
| 210 |
_aМинск _cИТМО _d1978 |
||
| 215 | _d30 | ||
| 801 | 0 |
_aRU _bNLR _gpsbo |
|
| 801 | 1 |
_aRU _bELAR _2rusmarc |
|
| 942 | _cBOOK | ||